000 00548nam a2200181Ia 4500
008 151202s9999||||xx |||||||||||||| ||und||
082 _bPNVM-80531
100 _aशिरवळकर सुहास .
245 _aहमखास.
260 _b"दिलीपराज प्रकाशन, पुणे."
260 _c70890
300 _a96
600 _aशिरवळकर सुहास .
630 _aहमखास.
700 _aशिरवळकर सुहास .
730 _aहमखास.
942 _cBOOK
999 _c1345139
_d1345136